| 000 | 00507nam a2200181Ia 4500 | ||
|---|---|---|---|
| 008 | 100920s9999 xx 000 0 und d | ||
| 082 |
_b100616 _a370 न 07 |
||
| 100 | _aJAIN SUNITA. | ||
| 245 | _aSENSUM COLLECTED POEMS 1965-2000. | ||
| 260 |
_bREAD BOOKS,NEW DELHI. _c2007 |
||
| 300 |
_a158 _bसाधी |
||
| 365 | _b350 | ||
| 520 | _aई.एल.ए. | ||
| 630 | _aSENSUM COLLECTED POEMS 1965-2000. | ||
| 650 | _aई.एल.ए. | ||
| 730 | _aSENSUM COLLECTED POEMS 1965-2000. | ||
| 942 | _cBOOK | ||
| 999 |
_c741054 _d741051 |
||